01040nam a22001457a 450000500170000000800410001704100120005808200160007010000180008624500340010426000420013830000080018052006930018865000130088120240508145741.0240502b        |||||||| |||| 00| 0 eng d  aEnglish  a646.33bMOY  aMoyer Earl D.  aPrinciples of Double Knitting  bMontrose Supply & Equipment Co.c1972  a121  a•	Weaving
•	Warp & Weft Knitting
•	Types of Needles
•	Needle Housing of Weft Knitting Machines
•	The Latch Needle in Operation
•	Cam Action
•	Construction of Fabric
•	Types of Double Knit Machines
•	 Gating
•	Miss & Tuck Stitches
•	Classic Fabrics
•	Tension
•	Needle Timing
•	Yarn Carrier Settings
•	Jacquard Fabrics
•	Yielding
•	Trouble Shooting
•	Barrs & Color Defects
•	Needle Oiling
•	Re-needling of Double Knit Machines
•	Fibers
•	Production Formula
•	Patterning on Wheel Machines
•	Patterning on Drum Machines
•	Patterning on Peg Drum Machines
•	Patterning on Clavette Drum Machines
•	Jacquard Card Patterning
•	Mini-Jacquard
  aKnitting